000 00254nam a2200109 a 4500
005 20200930080313.0
008 120328s1974 000 spa d
020 _a085117034x
245 0 _aSinews of empire.
260 _aLondon,
_c1974.
999 _c36831
_d36831
040 _aDO-SdBNP